[Event "Titled Tuesday intern op 30th Apr Early"]
[Site "Chess.com INT"]
[Date "2024.04.30"]
[Round "5"]
[White "Manukyan, Sargis A"]
[Black "Cherniaiev, Tykhon"]
[Result "1/2-1/2"]
[WhiteElo "2216"]
[BlackElo "2306"]
[PlyCount "130"]
[EventDate "2024.04.30"]
[EventType "swiss (blitz)"]
[EventRounds "11"]
[EventCountry "USA"]
[SourceTitle "CB19_2024"]
[SourceDate "2024.05.08"]
[SourceVersion "1"]
[SourceVersionDate "2024.05.08"]
[SourceQuality "1"]

1. d4 Nf6 2. c4 e6 3. Nc3 d5 4. Bg5 Be7 5. Nf3 h6 6. Bh4 0-0 7. e3 b6 8. cxd5 Nxd5 9. Bxe7 Qxe7 10. Nxd5 exd5 11. Bd3 c5 12. dxc5 bxc5 13. 0-0 Bb7 14. Rc1 Nd7 15. Bb1 Nf6 16. Qc2 Rac8 17. b3 Rfd8 18. Nd2 d4 19. exd4 cxd4 20. Qd3 Qe5 21. Nc4 Qg5 22. Qg3 Qd5 23. Rfd1 Ne4 24. Bxe4 Qxe4 25. Nd6 Rxc1 26. Rxc1 Qd5 27. Nxb7 Qxb7 28. Qd3 Qb4 29. g3 Qa3 30. Rc2 a5 31. Rd2 a4 32. bxa4 Qxa4 33. Rc2 Re8 34. Kg2 Qa8+ 35. Qf3 Qa5 36. Rc4 Rd8 37. Qd3 Qd5+ 38. Kg1 Re8 39. Rc1 Qxa2 40. Qxd4 Qe6 41. h4 h5 42. Rd1 g6 43. Qd5 Qxd5 44. Rxd5 Kg7 45. Kg2 Re6 46. Rd4 Rc6 47. Rf4 Rf6 48. Rd4 Ra6 49. Rc4 Re6 50. Rb4 Rd6 51. Rb3 Rd5 52. f3 Rd2+ 53. Kh3 f5 54. Rb7+ Kh6 55. Rb6 Rf2 56. f4 Re2 57. Rb7 Rd2 58. Rc7 Re2 59. Rd7 Ra2 60. Rc7 Rb2 61. Rd7 Rc2 62. Rb7 Rd2 63. Rc7 Re2 64. Rd7 Rc2 65. Rb7 Rd2 1/2-1/2

[Event "Titled Tuesday intern op 30th Apr Early"]
[Site "Chess.com INT"]
[Date "2024.04.30"]
[Round "6"]
[White "Manukyan, Sargis A"]
[Black "Gharibyan, Mamikon"]
[Result "1/2-1/2"]
[WhiteElo "2216"]
[BlackElo "2493"]
[PlyCount "170"]
[EventDate "2024.04.30"]
[EventType "swiss (blitz)"]
[EventRounds "11"]
[EventCountry "USA"]
[SourceTitle "CB19_2024"]
[SourceDate "2024.05.08"]
[SourceVersion "1"]
[SourceVersionDate "2024.05.08"]
[SourceQuality "1"]

1. d4 d5 2. c4 e6 3. Nc3 Nf6 4. Nf3 Bb4 5. Bg5 h6 6. Bxf6 Qxf6 7. e3 0-0 8. Rc1 Nc6 9. cxd5 exd5 10. Bd3 Ne7 11. 0-0 c6 12. a3 Ba5 13. b4 Bb6 14. h3 a6 15. Ne5 Nf5 16. Bxf5 Bxf5 17. Qf3 Rfd8 18. g4 Be6 19. Qxf6 gxf6 20. Nd3 h5 21. f3 hxg4 22. hxg4 Kg7 23. Kf2 Bc7 24. Rh1 Bd6 25. Na4 a5 26. Nac5 Bc8 27. Ra1 b6 28. Na4 Ba6 29. Nab2 axb4 30. axb4 Bb5 31. f4 Re8 32. Rhe1 Kg6 33. Kf3 Rh8 34. Kg3 Rhe8 35. Kf3 Bc4 36. Nxc4 dxc4 37. Nf2 Bxb4 38. Rxa8 Rxa8 39. Rb1 c5 40. Ne4 c3 41. dxc5 bxc5 42. Ke2 Ra2+ 43. Kd3 c4+ 44. Kxc4 c2 45. Rh1 Ba3 46. f5+ Kg7 47. Nc3 Rb2 48. Kd3 Bb4 49. Rc1 Bxc3 50. Kxc3 Rb7 51. Rxc2 Kh6 52. Kd3 Kg5 53. Rc4 Re7 54. Ke2 Ra7 55. Kf3 Ra1 56. Rc8 Rf1+ 57. Kg2 Re1 58. Rg8+ Kh6 59. Kf2 Ra1 60. Kf3 Kh7 61. Rf8 Kg7 62. Rb8 Ra4 63. Rb7 Rc4 64. Rd7 Rb4 65. Rd4 Rb3 66. Ke4 Rb1 67. Kf3 Rf1+ 68. Kg2 Ra1 69. Kf2 Ra2+ 70. Kf3 Ra1 71. Rd2 Rf1+ 72. Rf2 Ra1 73. Rg2 Rf1+ 74. Ke2 Ra1 75. e4 Ra3 76. g5 fxg5 77. Rxg5+ Kf6 78. Rg8 Ke5 79. Re8+ Kf4 80. Re7 f6 81. Re6 Re3+ 82. Kf2 Rxe4 83. Rxf6 Re5 84. Rf8 Rxf5 85. Rxf5+ Kxf5 1/2-1/2

[Event "Titled Tuesday intern op 30th Apr Early"]
[Site "Chess.com INT"]
[Date "2024.04.30"]
[Round "3"]
[White "Teiitbaev, Aktilek"]
[Black "Manukyan, Sargis A"]
[Result "0-1"]
[WhiteElo "2094"]
[BlackElo "2216"]
[PlyCount "72"]
[EventDate "2024.04.30"]
[EventType "swiss (blitz)"]
[EventRounds "11"]
[EventCountry "USA"]
[SourceTitle "CB19_2024"]
[SourceDate "2024.05.08"]
[SourceVersion "1"]
[SourceVersionDate "2024.05.08"]
[SourceQuality "1"]

1. d4 d5 2. c4 e6 3. Nf3 Nf6 4. Nc3 Be7 5. Bg5 0-0 6. e3 h6 7. Bxf6 Bxf6 8. Rc1 c6 9. h3 Nd7 10. cxd5 exd5 11. Bd3 Re8 12. 0-0 Nf8 13. b4 a6 14. a4 Ne6 15. b5 axb5 16. axb5 Ng5 17. bxc6 bxc6 18. Nxg5 Bxg5 19. Na4 Bxh3 20. gxh3 Bxe3 21. Nc5 Qg5+ 22. Kh1 Bxc1 23. Qxc1 Qh4 24. Kg2 Qxd4 25. Rd1 Qf6 26. Re1 Rxe1 27. Qxe1 Qd4 28. Qe3 Qxe3 29. fxe3 Ra5 30. Nd7 Ra3 31. Be2 Rxe3 32. Bf3 f6 33. Kf2 Rc3 34. Nb8 Kf7 35. Nxc6 Rxc6 36. Bxd5+ Re6 0-1

[Event "Titled Tuesday intern op 16th Apr Late"]
[Site "Chess.com INT"]
[Date "2024.04.16"]
[Round "5"]
[White "Dardha, Daniel"]
[Black "Manukyan, Sargis A"]
[Result "1-0"]
[WhiteElo "2630"]
[BlackElo "2216"]
[PlyCount "69"]
[EventDate "2024.04.16"]
[EventType "swiss (blitz)"]
[EventRounds "11"]
[EventCountry "USA"]
[SourceTitle "CB17_2024"]
[SourceDate "2024.04.24"]
[SourceVersion "1"]
[SourceVersionDate "2024.04.24"]
[SourceQuality "1"]

1. d4 d5 2. Nf3 e6 3. c4 Nf6 4. cxd5 exd5 5. Bg5 Be7 6. Nc3 0-0 7. e3 b6 8. Bd3 Bb7 9. Bxf6 Bxf6 10. h4 c5 11. Qc2 h6 12. 0-0-0 Nc6 13. dxc5 Nb4 14. Qb3 bxc5 15. Bb1 d4 16. Nxd4 cxd4 17. Qxb4 Bxg2 18. Rhg1 Bf3 19. Rxd4 Bxd4 20. Qxd4 Qxd4 21. exd4 Rfd8 22. Kd2 Rd6 23. Ke3 Rf6 24. d5 Re8+ 25. Kd4 Rf4+ 26. Kc5 Rc8+ 27. Kd6 Rd4 28. Kd7 Rxc3 29. bxc3 Rxd5+ 30. Ke7 Rc5 31. Rg3 Rxc3 32. Be4 Ra3 33. Rxf3 Rxa2 34. Rxf7 Re2 35. Rf8# 1-0

[Event "Titled Tuesday intern op 02nd Apr Late"]
[Site "Chess.com INT"]
[Date "2024.04.02"]
[Round "4"]
[White "Bueno, Alfeu Varela Jr"]
[Black "Manukyan, Sargis A"]
[Result "1/2-1/2"]
[WhiteElo "2140"]
[BlackElo "2216"]
[PlyCount "160"]
[EventDate "2024.04.02"]
[EventType "swiss (blitz)"]
[EventRounds "11"]
[EventCountry "USA"]
[SourceTitle "CB15_2024"]
[SourceDate "2024.04.10"]
[SourceVersion "1"]
[SourceVersionDate "2024.04.10"]
[SourceQuality "1"]

1. e4 c5 2. Nc3 d6 3. f4 Nc6 4. Nf3 g6 5. Bb5 Bd7 6. Bxc6 Bxc6 7. d3 e6 8. f5 exf5 9. exf5 Qe7+ 10. Kf2 0-0-0 11. Re1 Qd7 12. fxg6 hxg6 13. Bg5 f6 14. Bh4 Nh6 15. Ne4 Ng4+ 16. Kg1 g5 17. Bg3 d5 18. Nf2 Nxf2 19. Bxf2 Bd6 20. Bg3 Bxg3 21. hxg3 d4 22. Qe2 Rde8 23. Qf2 Rxe1+ 24. Rxe1 Qh7 25. Kf1 Qh1+ 26. Ke2 Re8+ 27. Kd2 Rxe1 28. Nxe1 Qh6 29. Qf5+ Kc7 30. Qxc5 g4+ 31. Ke2 Qe3+ 32. Kf1 b6 33. Qf5 Qxg3 34. Qxf6 Qh2 35. Qg7+ Bd7 36. Qxd4 Qh1+ 37. Kf2 g3+ 38. Ke2 Qh5+ 39. Kd2 Qa5+ 40. Qc3+ Qxc3+ 41. Kxc3 Kd6 42. Kd4 Bc6 43. c4 a5 44. b3 Bb7 45. a3 Bc6 46. b4 axb4 47. axb4 Bb7 48. c5+ bxc5+ 49. bxc5+ Ke6 50. Kc4 Ke5 51. Kb5 Kd4 52. c6 Bc8 53. Kb6 Ke3 54. Kc7 Bf5 55. Kd6 Kf2 56. Nf3 Bxd3 57. c7 Ba6 58. Nh4 Bb7 59. Ke5 Ke3 60. Kf5 Bc8+ 61. Kg5 Ke4 62. Nf3 Bd7 63. Kh4 Kf4 64. Ng5 Bc8 65. Nh3+ Ke5 66. Kxg3 Kd6 67. Kf4 Kxc7 68. Ng5 Kd6 69. Ne4+ Ke7 70. Nf2 Bb7 71. g4 Kf6 72. g5+ Kg7 73. Ng4 Ba6 74. Ne5 Be2 75. Kf5 Bd1 76. Ke6 Bb3+ 77. Kf5 Bc2+ 78. Kf4 Bb3 79. g6 Bc2 80. Kg5 Bxg6 1/2-1/2

[Event "Titled Tuesday intern op 02nd Apr Late"]
[Site "Chess.com INT"]
[Date "2024.04.02"]
[Round "3"]
[White "Manukyan, Sargis A"]
[Black "Davidson, Kevin"]
[Result "0-1"]
[WhiteElo "2216"]
[BlackElo "2154"]
[PlyCount "140"]
[EventDate "2024.04.02"]
[EventType "swiss (blitz)"]
[EventRounds "11"]
[EventCountry "USA"]
[SourceTitle "CB15_2024"]
[SourceDate "2024.04.10"]
[SourceVersion "1"]
[SourceVersionDate "2024.04.10"]
[SourceQuality "1"]

1. d4 Nf6 2. c4 g6 3. Nc3 Bg7 4. Nf3 d6 5. h3 0-0 6. Bf4 Nfd7 7. e3 Nc6 8. Be2 h6 9. 0-0 e5 10. dxe5 dxe5 11. Bh2 f5 12. Qc2 g5 13. Rad1 f4 14. exf4 exf4 15. Nd5 Ne7 16. Nxe7+ Qxe7 17. Rfe1 Qf6 18. b3 Nc5 19. b4 Bf5 20. Qd2 Rad8 21. Qc1 Nd3 22. Bxd3 Bxd3 23. c5 Qc3 24. Re7 Qxc1 25. Rxc1 Rf7 26. Rxf7 Kxf7 27. h4 Bf6 28. hxg5 hxg5 29. g3 g4 30. Ne1 f3 31. Rd1 Be4 32. Rc1 Rd2 33. a3 Bb2 34. Rc4 Bf5 35. Rf4 Ke6 36. Kh1 Rd1 37. Bg1 Rxe1 38. Kh2 Ra1 39. b5 Rxa3 40. c6 bxc6 41. bxc6 Rc3 42. Ra4 Rxc6 43. Ra2 Bd4 44. Kh1 Bb6 45. Rd2 Rc1 46. Kh2 Rc4 47. Rd8 a5 48. Rh8 a4 49. Ra8 Rb4 50. Kh1 Be4 51. Kh2 Bxa8 52. Kh1 a3 53. Kh2 a2 54. Kh1 a1Q 55. Kh2 Qxg1+ 56. Kxg1 Rb2 57. Kh2 Rxf2+ 58. Kh1 Rf1+ 59. Kh2 Rf2+ 60. Kh1 Rh2+ 61. Kxh2 c6 62. Kh1 Ke5 63. Kh2 Ke4 64. Kh1 c5 65. Kh2 c4 66. Kh1 c3 67. Kh2 c2 68. Kh1 c1Q+ 69. Kh2 Qd2+ 70. Kh1 Qg2# 0-1

[Event "Titled Tuesday intern op 02nd Apr Late"]
[Site "Chess.com INT"]
[Date "2024.04.02"]
[Round "5"]
[White "Manukyan, Sargis A"]
[Black "Slade, Theodore"]
[Result "1-0"]
[WhiteElo "2216"]
[BlackElo "2112"]
[PlyCount "91"]
[EventDate "2024.04.02"]
[EventType "swiss (blitz)"]
[EventRounds "11"]
[EventCountry "USA"]
[SourceTitle "CB15_2024"]
[SourceDate "2024.04.10"]
[SourceVersion "1"]
[SourceVersionDate "2024.04.10"]
[SourceQuality "1"]

1. d4 d5 2. c4 e6 3. Nc3 a6 4. cxd5 exd5 5. Nf3 c6 6. Bf4 Bd6 7. Bxd6 Qxd6 8. e3 Ne7 9. Bd3 Bf5 10. 0-0 0-0 11. Ne5 Nd7 12. Nxd7 Qxd7 13. Bxf5 Nxf5 14. Na4 Nd6 15. Nb6 Qe7 16. Nxa8 Rxa8 17. Qb3 f5 18. Qa3 Rf8 19. Rac1 Qf6 20. b3 f4 21. exf4 Qxf4 22. Qb2 Nf5 23. Rcd1 Nh4 24. f3 Qg5 25. Kh1 Nf5 26. Rfe1 Ne3 27. Qd2 Re8 28. Rc1 Re6 29. Re2 Qh6 30. Rce1 Nf5 31. Qxh6 Rxh6 32. Kg1 Kf7 33. Re5 Rf6 34. Rd1 Nd6 35. h4 Rf4 36. a4 Rxh4 37. g4 Rh6 38. Kg2 Rf6 39. Kg3 Nc8 40. f4 Ne7 41. f5 Rd6 42. Rde1 Ng8 43. g5 Rd7 44. Kg4 h6 45. g6+ Kf6 46. Re6# 1-0

[Event "Titled Tuesday intern op 12th Mar Late"]
[Site "Chess.com INT"]
[Date "2024.03.12"]
[Round "4"]
[White "Bortnyk, Olexandr"]
[Black "Manukyan, Sargis A"]
[Result "1-0"]
[WhiteElo "2608"]
[BlackElo "2216"]
[PlyCount "65"]
[EventDate "2024.03.12"]
[EventType "swiss (blitz)"]
[EventRounds "11"]
[EventCountry "USA"]
[SourceTitle "CB12_2024"]
[SourceDate "2023.10.01"]
[SourceVersion "1"]
[SourceVersionDate "2023.10.01"]
[SourceQuality "1"]

1. f3 d5 2. a3 Nf6 3. h4 e5 4. e3 Bd6 5. Nh3 0-0 6. Nf2 e4 7. f4 h5 8. Be2 g6 9. g4 hxg4 10. Nxg4 Nxg4 11. Bxg4 Bxg4 12. Qxg4 Qc8 13. Qg2 Kg7 14. b4 Be7 15. Bb2+ f6 16. Nc3 c6 17. h5 Qe8 18. 0-0-0 Rh8 19. Rdg1 Rh6 20. Nxe4 dxe4 21. Qxe4 Nd7 22. Rxg6+ Rxg6 23. hxg6 Nf8 24. f5 Nxg6 25. fxg6 Bd6 26. Rh7+ Kg8 27. Rh8+ Kxh8 28. Qh4+ Kg8 29. Qh7+ Kf8 30. g7+ Ke7 31. g8Q+ Kd8 32. Bxf6+ Be7 33. Qxe7+ 1-0

[Event "Titled Tuesday intern op 13th Feb Late"]
[Site "Chess.com INT"]
[Date "2024.02.13"]
[Round "2"]
[White "Manukyan, Sargis A"]
[Black "Makarian, Rudik"]
[Result "1-0"]
[WhiteElo "2216"]
[BlackElo "2525"]
[PlyCount "81"]
[EventDate "2024.02.13"]
[EventType "swiss (blitz)"]
[EventRounds "11"]
[EventCountry "USA"]
[SourceTitle "CB08_2024"]
[SourceDate "2024.02.21"]
[SourceVersion "1"]
[SourceVersionDate "2024.02.21"]
[SourceQuality "1"]

1. d4 Nf6 2. c4 e6 3. Nc3 d5 4. cxd5 exd5 5. Bg5 c6 6. e3 h6 7. Bh4 Be7 8. Bd3 0-0 9. Qc2 Re8 10. Nf3 Nbd7 11. 0-0 Ne4 12. Bxe7 Qxe7 13. Nd2 Ndf6 14. Ndxe4 dxe4 15. Bc4 Bf5 16. f4 Rad8 17. h3 a6 18. a4 Qb4 19. Qb3 Qe7 20. a5 Qd7 21. Na4 Qe7 22. Nc5 Bc8 23. Rf2 Nd5 24. Bxd5 Rxd5 25. Qc3 g6 26. b4 Qh4 27. Raf1 Rh5 28. Qe1 Qg3 29. Rd2 Rxh3 30. Qxg3 Rxg3 31. Kf2 Rg4 32. d5 cxd5 33. Rxd5 g5 34. f5 Kg7 35. Rfd1 h5 36. Rd8 Rxd8 37. Rxd8 Bxf5 38. Nxb7 Be6 39. b5 Bc4 40. Nd6 Bd3 41. b6 1-0

[Event "Titled Tuesday intern op 06th Feb Early"]
[Site "Chess.com INT"]
[Date "2024.02.06"]
[Round "1"]
[White "Manukyan, Sargis A"]
[Black "Cueto, Jose"]
[Result "1-0"]
[WhiteElo "2216"]
[BlackElo "2095"]
[PlyCount "93"]
[EventDate "2024.02.06"]
[EventType "swiss (blitz)"]
[EventRounds "11"]
[EventCountry "USA"]
[SourceTitle "CB07_2024"]
[SourceDate "2024.02.14"]
[SourceVersion "1"]
[SourceVersionDate "2024.02.14"]
[SourceQuality "1"]

1. d4 Nf6 2. c4 d6 3. Nc3 e5 4. Nf3 e4 5. Nd2 Qe7 6. e3 g6 7. Be2 h5 8. Qc2 Bf5 9. b3 Bg7 10. Bb2 0-0 11. h3 Re8 12. Nd5 Nxd5 13. cxd5 h4 14. Rc1 c6 15. dxc6 Nxc6 16. d5 Ne5 17. Qb1 Rac8 18. Rxc8 Rxc8 19. Nc4 Nd3+ 20. Bxd3 exd3 21. 0-0 Be4 22. Bxg7 Kxg7 23. Qb2+ Kh7 24. Qd4 Rc5 25. Nxd6 Rxd5 26. Qxe4 Qxd6 27. Qxh4+ Kg7 28. Rd1 d2 29. Qg4 Rc5 30. Kf1 Rc2 31. Qd4+ Qxd4 32. exd4 Rxa2 33. Ke2 Rb2 34. Rxd2 Rxb3 35. d5 Kf8 36. f4 Ke7 37. f5 g5 38. d6+ Kd7 39. f6 Rb6 40. Rd5 Rxd6 41. Rxg5 Rxf6 42. h4 Ke6 43. h5 Rh6 44. g4 b6 45. Kf3 a5 46. Rg8 Kf6 47. g5+ 1-0

[Event "Titled Tuesday intern op 06th Feb Late"]
[Site "Chess.com INT"]
[Date "2024.02.06"]
[Round "4"]
[White "Manukyan, Sargis A"]
[Black "Galaktionov, Artem"]
[Result "1-0"]
[WhiteElo "2216"]
[BlackElo "2305"]
[PlyCount "75"]
[EventDate "2024.02.06"]
[EventType "swiss (blitz)"]
[EventRounds "11"]
[EventCountry "USA"]
[SourceTitle "CB07_2024"]
[SourceDate "2024.02.14"]
[SourceVersion "1"]
[SourceVersionDate "2024.02.14"]
[SourceQuality "1"]

1. d4 c6 2. c4 g6 3. Nc3 d6 4. Nf3 Bg7 5. Bf4 Nd7 6. h3 e5 7. dxe5 dxe5 8. Bh2 Qe7 9. e3 Ngf6 10. Be2 0-0 11. 0-0 Re8 12. Qc2 h5 13. Rad1 a5 14. b3 e4 15. Ng5 Ne5 16. Ngxe4 Bf5 17. Nxf6+ Qxf6 18. e4 Bc8 19. f4 Nd7 20. e5 Qe7 21. Ne4 Nc5 22. Nd6 Rd8 23. Kh1 Be6 24. Bg1 Na6 25. f5 gxf5 26. Bxh5 Bxe5 27. Nxf5 Qg5 28. Bg4 Rxd1 29. Rxd1 Qf4 30. Re1 Nb4 31. Qe2 Bc7 32. Ne7+ Kf8 33. Bxe6 Kxe7 34. Bxf7+ Kf8 35. Rf1 Qe5 36. Bd5+ Ke8 37. Bf7+ Kd7 38. Qg4+ 1-0

[Event "Titled Tuesday intern op 06th Feb Late"]
[Site "Chess.com INT"]
[Date "2024.02.06"]
[Round "2"]
[White "Paravyan, David"]
[Black "Manukyan, Sargis A"]
[Result "0-1"]
[WhiteElo "2612"]
[BlackElo "2216"]
[PlyCount "64"]
[EventDate "2024.02.06"]
[EventType "swiss (blitz)"]
[EventRounds "11"]
[EventCountry "USA"]
[SourceTitle "CB07_2024"]
[SourceDate "2024.02.14"]
[SourceVersion "1"]
[SourceVersionDate "2024.02.14"]
[SourceQuality "1"]

1. e4 c5 2. Nf3 d6 3. d4 cxd4 4. Nxd4 Nf6 5. Nc3 g6 6. f3 Bg7 7. Be3 0-0 8. Qd2 Nc6 9. Bc4 Bd7 10. 0-0-0 Rc8 11. Bb3 Nxd4 12. Bxd4 b5 13. Nd5 Nxd5 14. exd5 Bxd4 15. Qxd4 a5 16. a3 b4 17. axb4 axb4 18. Rhe1 Re8 19. Qxb4 Rb8 20. Qc3 Qb6 21. Kd2 Qf2+ 22. Re2 Qh4 23. g3 Qh6+ 24. Ke1 Bb5 25. Red2 Rbc8 26. Qd4 e5 27. dxe6 Bd7 28. Kf1 Bxe6 29. Bxe6 Rxe6 30. Re1 Qh3+ 31. Kf2 Qxh2+ 32. Kf1 Qh1+ 0-1

[Event "Titled Tuesday intern op 23rd Jan Late"]
[Site "Chess.com INT"]
[Date "2024.01.23"]
[Round "5"]
[White "Senthil, Maran K"]
[Black "Manukyan, Sargis A"]
[Result "0-1"]
[WhiteElo "2275"]
[BlackElo "2216"]
[PlyCount "122"]
[EventDate "2024.01.23"]
[EventType "swiss (blitz)"]
[EventRounds "11"]
[EventCountry "USA"]
[SourceTitle "CB05_2024"]
[SourceDate "2024.01.31"]
[SourceVersion "1"]
[SourceVersionDate "2024.01.31"]
[SourceQuality "1"]

1. Nf3 d5 2. d4 e6 3. c4 Nf6 4. g3 Be7 5. Bg2 0-0 6. Qc2 dxc4 7. Qxc4 a6 8. Qc2 b5 9. Ng5 Ra7 10. 0-0 h6 11. Ne4 Bb7 12. Be3 Nd5 13. Bd2 Nd7 14. Nbc3 Qa8 15. Nxd5 Bxd5 16. f3 Rc8 17. Nc5 Nxc5 18. dxc5 Rd8 19. e4 Bc4 20. Rfe1 Bxc5+ 21. Be3 Bxe3+ 22. Rxe3 e5 23. b3 Be6 24. Rc3 Qb8 25. Rc1 Rc8 26. Qf2 a5 27. Qc5 f6 28. Qe7 Re8 29. Qc5 a4 30. Bf1 axb3 31. axb3 b4 32. Re3 Qb6 33. Qxb6 cxb6 34. Bc4 Bxc4 35. Rxc4 Ra1+ 36. Kf2 Ra2+ 37. Re2 Rxe2+ 38. Kxe2 Re6 39. Rxb4 Kf7 40. Rb5 Ke7 41. Kd3 Kd7 42. Rd5+ Kc7 43. b4 Rc6 44. f4 exf4 45. gxf4 Rc1 46. e5 Rd1+ 47. Ke4 f5+ 48. Kxf5 Rxd5 49. Kg6 Rd4 50. f5 Rg4+ 51. Kf7 Rf4 52. Ke6 Rxb4 53. f6 gxf6 54. exf6 Rf4 55. Ke7 b5 56. f7 Rxf7+ 57. Kxf7 b4 58. Kg6 b3 59. Kxh6 b2 60. h4 b1Q 61. h5 Qf5 0-1

[Event "Titled Tuesday intern op 19th Dec Early"]
[Site "Chess.com INT"]
[Date "2023.12.19"]
[Round "8"]
[White "Manukyan, Sargis A"]
[Black "Baskakov, Egor"]
[Result "1/2-1/2"]
[WhiteElo "2216"]
[BlackElo "2215"]
[PlyCount "158"]
[EventDate "2023.12.19"]
[EventType "swiss (blitz)"]
[EventRounds "11"]
[EventCountry "USA"]
[SourceTitle "CB52_2023"]
[SourceDate "2023.12.27"]
[SourceVersion "1"]
[SourceVersionDate "2023.12.27"]
[SourceQuality "1"]

1. d4 Nf6 2. c4 e6 3. Nc3 d5 4. cxd5 Nxd5 5. e4 Nxc3 6. bxc3 b6 7. Nf3 Bb7 8. Bd3 Nd7 9. 0-0 Be7 10. a4 c5 11. a5 bxa5 12. Ba3 0-0 13. d5 exd5 14. exd5 c4 15. Bxe7 Qxe7 16. Bxc4 Rac8 17. d6 Qf6 18. Bb5 Bc6 19. Bxc6 Rxc6 20. Rxa5 Rxd6 21. Qa1 a6 22. c4 Qh6 23. Qc1 Qf6 24. Qa1 Rc8 25. Qxf6 Nxf6 26. c5 Rdc6 27. Nd4 Rxc5 28. Rxa6 Rc1 29. Ra1 Rxa1 30. Rxa1 g6 31. g3 Rd8 32. Nf3 Kg7 33. Ra7 Rd7 34. Ra6 Re7 35. h4 Ng4 36. Kf1 Rb7 37. Ra2 Rb5 38. Kg2 Ne5 39. Ng5 h6 40. Nh3 Nd3 41. Rd2 Rb3 42. Ng1 Ne5 43. Re2 Rb5 44. Nh3 Nd3 45. Re3 Rd5 46. Ng1 Ne5 47. Ne2 Ng4 48. Re4 f5 49. Re7+ Kf6 50. Re8 g5 51. hxg5+ hxg5 52. Rf8+ Kg6 53. Rg8+ Kf6 54. Rf8+ Kg7 55. Re8 Rd2 56. f3 Nf6 57. Re6 Kf7 58. Re5 Nd7 59. Re3 Kf6 60. f4 g4 61. Kf1 Nc5 62. Ke1 Rb2 63. Nc3 Rh2 64. Nd5+ Kf7 65. Nc3 Rg2 66. Kf1 Rc2 67. Ke1 Kf6 68. Nd5+ Kg7 69. Nc3 Nb3 70. Ne2 Rb2 71. Re5 Kf6 72. Nc3 Nd4 73. Nd5+ Kg6 74. Re6+ Nxe6 75. Ne3 Nd4 76. Nd5 Nf3+ 77. Kf1 Rd2 78. Ne7+ Kf6 79. Nxf5 Kxf5 1/2-1/2

[Event "Titled Tuesday intern op 12th Dec Early"]
[Site "Chess.com INT"]
[Date "2023.12.12"]
[Round "7"]
[White "Brodsky, David"]
[Black "Manukyan, Sargis A"]
[Result "0-1"]
[WhiteElo "2492"]
[BlackElo "2216"]
[PlyCount "68"]
[EventDate "2023.12.12"]
[EventType "swiss (blitz)"]
[EventRounds "11"]
[EventCountry "USA"]
[SourceTitle "CB51_2023"]
[SourceDate "2023.12.20"]
[SourceVersion "1"]
[SourceVersionDate "2023.12.20"]
[SourceQuality "1"]

1. e4 c5 2. Nf3 d6 3. d4 cxd4 4. Nxd4 Nf6 5. Nc3 g6 6. Be3 Bg7 7. f3 0-0 8. Qd2 Nc6 9. 0-0-0 d5 10. exd5 Nxd5 11. Nxc6 bxc6 12. Bd4 Nxc3 13. Qxc3 Bh6+ 14. Be3 Bxe3+ 15. Qxe3 Qb6 16. Qxe7 Be6 17. Qa3 Rfd8 18. Be2 Qf2 19. Rxd8+ Rxd8 20. Rd1 Rxd1+ 21. Kxd1 Qxg2 22. Qxa7 Qxh2 23. a4 Qd6+ 24. Bd3 h5 25. a5 Bd5 26. a6 Bxf3+ 27. Kc1 c5 28. b3 h4 29. Bc4 Qf4+ 30. Kb2 h3 31. Qb6 Kg7 32. a7 Qf6+ 33. Qxf6+ Kxf6 34. Be2 Ba8 0-1